[Event "Martelli Young Talents"]
[Site "Villa Martelli"]
[Date "2023.04.19"]
[Round "7"]
[White "Saldano Dayer, Horacio"]
[Black "Francisco Guecamburu, Candela Be"]
[Result "0-1"]
[WhiteElo "2403"]
[BlackElo "2240"]
[PlyCount "87"]
[EventDate "2023.04.13"]
[EventType "tourn"]
[EventRounds "9"]
[EventCountry "ARG"]
[EventCategory "4"]
[SourceTitle "CBM 213 Extra"]
[Source "ChessBase"]
[SourceDate "2023.05.31"]
[SourceVersion "1"]
[SourceVersionDate "2023.05.31"]
[SourceQuality "1"]

1. d4 Nf6 2. Nf3 d5 3. c4 e6 4. g3 dxc4 5. Bg2 Bb4+ 6. Nc3 b5 7. Ne5 Nd5 8. 0-0 c6 9. e4 Nxc3 10. bxc3 Be7 11. Qg4 0-0 12. Bh6 Bf6 13. h4 c5 14. Rad1 cxd4 15. cxd4 a5 16. Bg5 Ra7 17. Qh5 g6 18. Qg4 Bxg5 19. hxg5 f6 20. gxf6 Qxf6 21. f4 b4 22. Qf3 c3 23. Qe3 Qg7 24. d5 exd5 25. exd5 Ra6 26. Qc5 Qa7 27. Qxa7 Rxa7 28. Rd4 Rd8 29. Rc1 Bb7 30. d6 Bxg2 31. Kxg2 Rb7 32. Rb1 Rb6 33. Nc4 Ra6 34. Rd5 a4 35. Rb5 Nc6 36. Ne5 Rxd6 37. Nxc6 Raxc6 38. R5xb4 c2 39. Rb8+ Kg7 40. R1b7+ Kf6 41. Rf8+ Ke6 42. Re8+ Kd5 43. Re5+ Kd4 44. Rb4+ 0-1

[Event "Martelli Young Talents"]
[Site "Villa Martelli"]
[Date "2023.04.18"]
[Round "6"]
[White "Fiorito, Joaquin"]
[Black "Saldano Dayer, Horacio"]
[Result "1-0"]
[WhiteElo "2366"]
[BlackElo "2403"]
[PlyCount "87"]
[EventDate "2023.04.13"]
[EventType "tourn"]
[EventRounds "9"]
[EventCountry "ARG"]
[EventCategory "4"]
[SourceTitle "CBM 213 Extra"]
[Source "ChessBase"]
[SourceDate "2023.05.31"]
[SourceVersion "1"]
[SourceVersionDate "2023.05.31"]
[SourceQuality "1"]

1. d4 Nf6 2. c4 c5 3. d5 g6 4. Nc3 Bg7 5. e4 d6 6. Bd3 0-0 7. h3 e6 8. Nf3 Na6 9. 0-0 Nc7 10. Re1 a6 11. a4 e5 12. a5 Nd7 13. Qc2 b6 14. Bd2 Rb8 15. axb6 Nxb6 16. Reb1 f5 17. b4 Nd7 18. Na4 fxe4 19. Bxe4 cxb4 20. Rxb4 Rxb4 21. Bxb4 Nf6 22. Nc3 Nxe4 23. Nxe4 Bf5 24. Rd1 Bxe4 25. Qxe4 Rf4 26. Qe2 Qd7 27. Bd2 Rf8 28. Be3 Qa4 29. Rb1 Rc8 30. Ng5 Qd7 31. Rb7 Qf5 32. g4 Qf6 33. Ne4 Qf8 34. Qa2 Qf3 35. Nxd6 Qxh3 36. Qe2 Rf8 37. Rxc7 Rf3 38. Qf1 Qxg4+ 39. Qg2 Qh5 40. Ne4 Qf5 41. Ng5 Rxe3 42. fxe3 Bh6 43. d6 Bxg5 44. Qa8+ 1-0

[Event "Mercosur Cup 24th"]
[Site "Buenos Aires"]
[Date "2022.11.04"]
[Round "5"]
[White "Saldano Dayer, Horacio"]
[Black "Francisco Guecamburu, Candela Be"]
[Result "1-0"]
[WhiteElo "2402"]
[BlackElo "2196"]
[PlyCount "87"]
[EventDate "2022.10.31"]
[EventType "tourn"]
[EventRounds "9"]
[EventCountry "ARG"]
[EventCategory "2"]
[SourceTitle "CBM 211 Extra"]
[Source "ChessBase"]
[SourceDate "2023.01.31"]
[SourceVersion "1"]
[SourceVersionDate "2023.01.31"]
[SourceQuality "1"]

1. Nf3 c5 2. g3 Nc6 3. Bg2 g6 4. 0-0 Bg7 5. c4 d6 6. Nc3 Nf6 7. d4 cxd4 8. Nxd4 Bd7 9. e3 h5 10. h4 Qc8 11. Nxc6 bxc6 12. c5 d5 13. e4 dxe4 14. Nxe4 Nd5 15. Bg5 0-0 16. Qd2 Bh3 17. Bh6 Bxg2 18. Kxg2 Qf5 19. Rfe1 Rab8 20. Bxg7 Kxg7 21. Nc3 Rfd8 22. Rad1 Nf6 23. Qxd8 Rxd8 24. Rxd8 Qxc5 25. Re2 Qb6 26. Rd3 e6 27. Rf3 Nd5 28. Ne4 Qb5 29. Rxf7+ Kg8 30. Kf1 Qd3 31. Ng5 Nb4 32. Rf3 Qb5 33. a4 Qa6 34. Rfe3 Nc2 35. Rxe6 Nd4 36. Re8+ Kg7 37. Ne6+ Nxe6 38. R8xe6 Qxa4 39. Kg2 Qd4 40. Kh2 Qd3 41. R6e3 Qb5 42. Re7+ Kh6 43. Rd2 Qf1 44. Rf7 1-0

[Event "Mercosur Cup 24th"]
[Site "Buenos Aires"]
[Date "2022.10.31"]
[Round "1"]
[White "Saldano Dayer, Horacio"]
[Black "Tomeo, Ivan"]
[Result "1/2-1/2"]
[WhiteElo "2402"]
[BlackElo "2233"]
[PlyCount "21"]
[EventDate "2022.10.31"]
[EventType "tourn"]
[EventRounds "9"]
[EventCountry "ARG"]
[EventCategory "2"]
[SourceTitle "CBM 211 Extra"]
[Source "ChessBase"]
[SourceDate "2023.01.31"]
[SourceVersion "1"]
[SourceVersionDate "2023.01.31"]
[SourceQuality "1"]

1. c4 e5 2. g3 c6 3. d4 e4 4. Nc3 Bb4 5. Qa4 Na6 6. Bg2 Nf6 7. Bg5 h6 8. Bd2 Bxc3 9. Bxc3 0-0 10. e3 Nc7 11. Bb4 1/2-1/2

[Event "Titled Tuesday intern op 10th May Early"]
[Site "Chess.com INT"]
[Date "2022.05.10"]
[Round "6"]
[White "Janaszak, Dawid"]
[Black "Saldano Dayer, Horacio"]
[Result "1-0"]
[WhiteElo "2334"]
[BlackElo "2404"]
[PlyCount "53"]
[EventDate "2022.05.10"]
[EventType "swiss (blitz)"]
[EventRounds "11"]
[EventCountry "USA"]
[SourceTitle "CBM 208 Extra"]
[Source "ChessBase"]
[SourceDate "2022.07.31"]
[SourceVersion "1"]
[SourceVersionDate "2022.07.31"]
[SourceQuality "1"]

1. e4 e6 2. d4 d5 3. Bd3 c5 4. exd5 exd5 5. c3 Nc6 6. Nf3 Nf6 7. 0-0 Be7 8. dxc5 Bxc5 9. Qe2+ Be6 10. b4 Bb6 11. b5 Ne7 12. Ng5 Qd7 13. Be3 h6 14. Bxb6 hxg5 15. Bd4 Ng4 16. h3 Qc7 17. f4 gxf4 18. hxg4 f3 19. gxf3 Qg3+ 20. Qg2 Qf4 21. Na3 0-0-0 22. Rae1 Qh6 23. b6 a6 24. Be5 Ng6 25. Bg3 Nh4 26. Qh2 g5 27. Bb8 1-0

[Event "Titled Tuesday intern op 10th May Early"]
[Site "Chess.com INT"]
[Date "2022.05.10"]
[Round "1"]
[White "Saldano Dayer, Horacio"]
[Black "Le, Tuan Minh"]
[Result "0-1"]
[WhiteElo "2404"]
[BlackElo "2514"]
[PlyCount "50"]
[EventDate "2022.05.10"]
[EventType "swiss (blitz)"]
[EventRounds "11"]
[EventCountry "USA"]
[SourceTitle "CBM 208 Extra"]
[Source "ChessBase"]
[SourceDate "2022.07.31"]
[SourceVersion "1"]
[SourceVersionDate "2022.07.31"]
[SourceQuality "1"]

1. e4 c5 2. Nf3 Nf6 3. e5 Nd5 4. c3 Nc6 5. d4 cxd4 6. cxd4 d6 7. Bc4 dxe5 8. dxe5 Ndb4 9. Qe2 Bf5 10. Na3 e6 11. 0-0 Bd3 12. Bxd3 Qxd3 13. Qxd3 Nxd3 14. Nc4 b5 15. Na3 Bxa3 16. bxa3 0-0 17. Rb1 a6 18. Bb2 Rfd8 19. g3 h6 20. h4 Rd5 21. Rfd1 Rad8 22. Bc3 Ndxe5 23. Rxd5 Nxf3+ 24. Kg2 Rxd5 25. Kxf3 Rd3+ 0-1

[Event "Titled Tuesday intern op 10th May Early"]
[Site "Chess.com INT"]
[Date "2022.05.10"]
[Round "11"]
[White "Saldano Dayer, Horacio"]
[Black "Melikhov, Evgeny V"]
[Result "1-0"]
[WhiteElo "2404"]
[BlackElo "2292"]
[PlyCount "27"]
[EventDate "2022.05.10"]
[EventType "swiss (blitz)"]
[EventRounds "11"]
[EventCountry "USA"]
[SourceTitle "CBM 208 Extra"]
[Source "ChessBase"]
[SourceDate "2022.07.31"]
[SourceVersion "1"]
[SourceVersionDate "2022.07.31"]
[SourceQuality "1"]

1. e4 e5 2. Nf3 Nc6 3. Bb5 a6 4. Ba4 Nf6 5. 0-0 Nxe4 6. d4 b5 7. Bb3 d5 8. Nc3 Nxc3 9. bxc3 e4 10. Ng5 Be7 11. Nxf7 Kxf7 12. Qh5+ Kf8 13. Bxd5 Bd7 14. Qf7# 1-0

[Event "Titled Tuesday intern op 10th May Early"]
[Site "Chess.com INT"]
[Date "2022.05.10"]
[Round "3"]
[White "Saldano Dayer, Horacio"]
[Black "Sanchez, Roberto Daniel"]
[Result "1-0"]
[WhiteElo "2404"]
[BlackElo "1989"]
[PlyCount "87"]
[EventDate "2022.05.10"]
[EventType "swiss (blitz)"]
[EventRounds "11"]
[EventCountry "USA"]
[SourceTitle "CBM 208 Extra"]
[Source "ChessBase"]
[SourceDate "2022.07.31"]
[SourceVersion "1"]
[SourceVersionDate "2022.07.31"]
[SourceQuality "1"]

1. d4 d5 2. Bf4 Nf6 3. e3 c5 4. Nf3 Nc6 5. Nbd2 Bf5 6. c3 e6 7. Qa4 Nd7 8. Bb5 Qc8 9. Ne5 Ndxe5 10. Bxe5 a6 11. Bxc6+ Qxc6 12. Qxc6+ bxc6 13. dxc5 Bxc5 14. Bxg7 Rg8 15. Be5 Rxg2 16. Bg3 h5 17. Nb3 Be7 18. h4 Be4 19. Rf1 c5 20. 0-0-0 0-0-0 21. Nd2 f5 22. Nxe4 fxe4 23. Rh1 Kd7 24. Kd2 Rg8 25. Rh3 Bd6 26. Bxd6 Kxd6 27. Ke2 R8g4 28. Rhh1 Rg8 29. b4 cxb4 30. cxb4 Rb8 31. a3 Rc8 32. Rc1 Rxc1 33. Rxc1 Rh2 34. Rc5 Rxh4 35. Ra5 Rh1 36. Rxa6+ Ke5 37. Ra8 Ra1 38. a4 h4 39. a5 Ra4 40. b5 h3 41. a6 Ra5 42. Rh8 Rxb5 43. a7 Rb2+ 44. Kd1 1-0

[Event "Titled Tuesday intern op 19th Apr Late"]
[Site "Chess.com INT"]
[Date "2022.04.19"]
[Round "6"]
[White "Saldano Dayer, Horacio"]
[Black "Petrovskiy, Vadim"]
[Result "1/2-1/2"]
[WhiteElo "2422"]
[BlackElo "2330"]
[PlyCount "118"]
[EventDate "2022.04.19"]
[EventType "swiss (blitz)"]
[EventRounds "11"]
[EventCountry "USA"]
[SourceTitle "EXT 2023"]
[Source "ChessBase"]
[SourceDate "2022.10.05"]
[SourceVersion "1"]
[SourceVersionDate "2022.10.05"]
[SourceQuality "1"]

1. b3 e5 2. Bb2 Nc6 3. e3 d5 4. Bb5 Bd6 5. f4 Qe7 6. Nf3 Bg4 7. fxe5 Bxe5 8. Bxe5 Bxf3 9. Qxf3 Qxe5 10. Bxc6+ bxc6 11. 0-0 Nf6 12. Nc3 0-0 13. Qf4 Qe6 14. Qxc7 Rfd8 15. Qg3 c5 16. d3 Re8 17. Rae1 Rad8 18. e4 dxe4 19. Nxe4 Nxe4 20. Rxe4 Qb6 21. Qf2 f6 22. Rc4 Re5 23. Re1 Rde8 24. Rxe5 Rxe5 25. h3 h5 26. b4 cxb4 27. Qxb6 axb6 28. Rxb4 Re2 29. c4 Rd2 30. Rxb6 Rxd3 31. a4 Ra3 32. Rb4 Kf7 33. c5 Ke6 34. c6 Kd6 35. Rc4 Kc7 36. g4 Rxh3 37. gxh5 Rxh5 38. Kf2 Rg5 39. Kf3 Ra5 40. Kf4 Ra6 41. Kf5 Rxc6 42. Rg4 g5 43. a5 Kd7 44. Ra4 Ra6 45. Kg6 Ke6 46. Ra1 Ke5 47. Ra2 g4 48. Kh5 f5 49. Kg5 Ke4 50. Ra4+ Ke5 51. Ra3 Ke4 52. Ra4+ Kd5 53. Kxf5 g3 54. Rg4 Rxa5 55. Rxg3 Kc6+ 56. Kg4 Rc5 57. Rf3 Kb5 58. Rf5 Kc4 59. Rxc5+ Kxc5 1/2-1/2

[Event "Titled Tuesday intern op 05th Apr Late"]
[Site "Chess.com INT"]
[Date "2022.04.05"]
[Round "2"]
[White "Bowden, Karl"]
[Black "Saldano Dayer, Horacio"]
[Result "0-1"]
[WhiteElo "2348"]
[BlackElo "2422"]
[PlyCount "78"]
[EventDate "2022.04.05"]
[EventType "swiss (blitz)"]
[EventRounds "11"]
[EventCountry "USA"]
[SourceTitle "CBM 207 Extra"]
[Source "ChessBase"]
[SourceDate "2022.05.31"]
[SourceVersion "1"]
[SourceVersionDate "2022.05.31"]
[SourceQuality "1"]

1. e4 d6 2. d4 Nf6 3. Bd3 e5 4. c3 d5 5. dxe5 Nxe4 6. Nd2 Nc5 7. Bc2 Nc6 8. Ngf3 Bg4 9. h3 Bh5 10. g4 Bg6 11. Bxg6 hxg6 12. Nb3 Ne6 13. Be3 Qd7 14. Qe2 a5 15. a4 Ncd8 16. Kf1 b6 17. Kg2 Nb7 18. Rhd1 Nbc5 19. Qc2 0-0-0 20. c4 Qc6 21. cxd5 Rxd5 22. Rxd5 Qxd5 23. Nxc5 Bxc5 24. Rd1 Qb7 25. Bxc5 Nxc5 26. Qc4 Rxh3 27. Qe2 Rh8 28. Re1 g5 29. Qc2 Ne6 30. Qf5 Kb8 31. Qe4 Nf4+ 32. Kg1 Qxe4 33. Rxe4 Ne6 34. Nd4 Nxd4 35. Rxd4 Kc8 36. Re4 Re8 37. Kg2 Re6 38. Kf3 Kd7 39. Rd4+ Ke7 0-1

[Event "Titled Tuesday intern op 05th Apr Late"]
[Site "Chess.com INT"]
[Date "2022.04.05"]
[Round "4"]
[White "Lashkin, Jegor"]
[Black "Saldano Dayer, Horacio"]
[Result "1-0"]
[WhiteElo "2386"]
[BlackElo "2422"]
[PlyCount "121"]
[EventDate "2022.04.05"]
[EventType "swiss (blitz)"]
[EventRounds "11"]
[EventCountry "USA"]
[SourceTitle "CBM 207 Extra"]
[Source "ChessBase"]
[SourceDate "2022.05.31"]
[SourceVersion "1"]
[SourceVersionDate "2022.05.31"]
[SourceQuality "1"]

1. d4 d6 2. Nf3 Nf6 3. c4 g6 4. Nc3 Bg7 5. e4 0-0 6. Be2 e5 7. Be3 Nbd7 8. 0-0 h6 9. dxe5 dxe5 10. h3 Nh5 11. Re1 Nf4 12. Bf1 c6 13. Qd2 Qf6 14. Kh2 Re8 15. Rad1 Nf8 16. Ng1 g5 17. g3 N8e6 18. Nf3 Nxh3 19. Bxh3 Qxf3 20. Bg2 Qh5+ 21. Kg1 Nd4 22. Bxd4 exd4 23. Ne2 Bg4 24. Qd3 Bxe2 25. Rxe2 c5 26. e5 Re7 27. Rde1 Rae8 28. Qf5 Qg6 29. Qxg6 fxg6 30. f4 gxf4 31. gxf4 g5 32. fxg5 hxg5 33. e6 Bf6 34. Bd5 Kg7 35. Kg2 Rh8 36. Kg3 Rh4 37. Re4 Rxe4 38. Rxe4 Re8 39. b3 b6 40. a3 Be7 41. Kg4 Rf8 42. b4 Rf2 43. bxc5 bxc5 44. Re5 d3 45. Re1 d2 46. Rd1 Kf6 47. Bf3 Ke5 48. Kg3 Rxf3+ 49. Kxf3 Kxe6 50. Rxd2 Bf6 51. Rd5 Bd4 52. Kg4 a5 53. a4 Kf6 54. Rf5+ Ke6 55. Rd5 Be5 56. Kf3 Bd6 57. Rxg5 Be5 58. Ke4 Bd4 59. Rg6+ Kd7 60. Kd5 Ke7 61. Ra6 1-0

[Event "Titled Tuesday intern op 05th Apr Late"]
[Site "Chess.com INT"]
[Date "2022.04.05"]
[Round "3"]
[White "Saldano Dayer, Horacio"]
[Black "Baker, Chris W"]
[Result "1-0"]
[WhiteElo "2422"]
[BlackElo "2272"]
[PlyCount "41"]
[EventDate "2022.04.05"]
[EventType "swiss (blitz)"]
[EventRounds "11"]
[EventCountry "USA"]
[SourceTitle "CBM 207 Extra"]
[Source "ChessBase"]
[SourceDate "2022.05.31"]
[SourceVersion "1"]
[SourceVersionDate "2022.05.31"]
[SourceQuality "1"]

1. Nf3 Nf6 2. g3 d5 3. Bg2 c6 4. 0-0 Bf5 5. d3 h6 6. Nbd2 e6 7. b3 Be7 8. Bb2 Nbd7 9. Qe1 Bh7 10. e4 0-0 11. Qe2 a5 12. a4 Re8 13. e5 Nh5 14. Nd4 g6 15. f4 Ng7 16. g4 f5 17. h3 Qb6 18. Kh1 c5 19. Nb5 d4 20. Nc4 Rf8 21. Nxb6 1-0

[Event "Titled Tuesday intern op 05th Apr Late"]
[Site "Chess.com INT"]
[Date "2022.04.05"]
[Round "1"]
[White "Saldano Dayer, Horacio"]
[Black "Naroditsky, Daniel"]
[Result "0-1"]
[WhiteElo "2422"]
[BlackElo "2616"]
[PlyCount "140"]
[EventDate "2022.04.05"]
[EventType "swiss (blitz)"]
[EventRounds "11"]
[EventCountry "USA"]
[SourceTitle "CBM 207 Extra"]
[Source "ChessBase"]
[SourceDate "2022.05.31"]
[SourceVersion "1"]
[SourceVersionDate "2022.05.31"]
[SourceQuality "1"]

1. Nf3 Nf6 2. g3 g6 3. Bg2 Bg7 4. 0-0 0-0 5. d4 d6 6. b3 c6 7. Bb2 Bf5 8. c4 Qc8 9. Re1 Bh3 10. Bh1 h6 11. Nc3 Nbd7 12. e4 Bg4 13. Bg2 e5 14. d5 cxd5 15. cxd5 Nc5 16. b4 Na6 17. a3 Qd7 18. Qa4 Qxa4 19. Nxa4 Rac8 20. h3 Bd7 21. Nc3 h5 22. Nd2 Nc7 23. Bf1 Rfd8 24. Nb3 Bh6 25. Bc1 Kg7 26. Bxh6+ Kxh6 27. h4 Na8 28. Rac1 Nb6 29. Na5 Rb8 30. f3 a6 31. Kf2 Rdc8 32. Ke3 Ne8 33. Kd2 f5 34. Bd3 Nf6 35. Ne2 Kg7 36. Rxc8 Nxc8 37. Rc1 Ne8 38. Nc3 Nb6 39. Ke3 Kf6 40. f4 Ke7 41. fxe5 dxe5 42. Nc4 Nxc4+ 43. Bxc4 Nd6 44. Bd3 Rf8 45. exf5 gxf5 46. Re1 Rc8 47. Kd2 e4 48. Be2 Be8 49. Rc1 Kf6 50. Ke3 Ke5 51. Bf1 Bb5 52. Be2 Bxe2 53. Kxe2 Nb5 54. Na2 Rxc1 55. Nxc1 Kxd5 56. a4 Nc3+ 57. Ke3 Ke5 58. a5 Nd5+ 59. Kd2 Nxb4 60. Nb3 Nc6 61. Nc5 Nxa5 62. Nd7+ Kd4 63. Nf8 Nc4+ 64. Ke1 a5 65. Ng6 a4 66. Nf4 a3 67. Ne6+ Kc3 68. Nc5 a2 69. Na4+ Kc2 70. Ke2 a1Q 0-1

[Event "Titled Tuesday intern op 05th Apr Late"]
[Site "Chess.com INT"]
[Date "2022.04.05"]
[Round "9"]
[White "Saldano Dayer, Horacio"]
[Black "Sarkar, Justin"]
[Result "1-0"]
[WhiteElo "2422"]
[BlackElo "2314"]
[PlyCount "99"]
[EventDate "2022.04.05"]
[EventType "swiss (blitz)"]
[EventRounds "11"]
[EventCountry "USA"]
[SourceTitle "CBM 207 Extra"]
[Source "ChessBase"]
[SourceDate "2022.05.31"]
[SourceVersion "1"]
[SourceVersionDate "2022.05.31"]
[SourceQuality "1"]

1. g3 c5 2. Bg2 Nc6 3. c4 g6 4. Nc3 Bg7 5. a3 d6 6. Rb1 Bf5 7. e4 Be6 8. d3 Nd4 9. Nge2 Bg4 10. h3 Bxe2 11. Nxe2 Nxe2 12. Qxe2 Nf6 13. 0-0 0-0 14. b4 Nd7 15. Be3 Rc8 16. bxc5 Nxc5 17. Bxc5 dxc5 18. Rxb7 Rc7 19. Rb3 Bd4 20. Kh2 e5 21. f4 exf4 22. gxf4 Qe7 23. e5 Kh8 24. Bd5 f6 25. e6 f5 26. Qf3 Kg7 27. Rf2 Bxf2 28. Qxf2 Qd6 29. Qe3 g5 30. Qe5+ Qxe5 31. fxe5 Re8 32. Kg3 h5 33. h4 f4+ 34. Kf3 gxh4 35. Kxf4 Rf8+ 36. Kg5 h3 37. Rb2 Rf1 38. Rh2 Rg1+ 39. Kf4 Rg4+ 40. Ke3 Rh4 41. Kf3 Kh6 42. Kg3 Rd4 43. Be4 Rg7+ 44. Kxh3 Rg5 45. Rf2 Rxe5 46. Rf6+ Kg5 47. Rg6+ Kf4 48. Kh4 Ke3 49. Rf6 Rdxe4+ 50. dxe4 1-0

[Event "Titled Tuesday intern op 22 Mar Early"]
[Site "Chess.com INT"]
[Date "2022.03.22"]
[Round "8"]
[White "Gatterer, Florian"]
[Black "Saldano Dayer, Horacio"]
[Result "0-1"]
[WhiteElo "2165"]
[BlackElo "2422"]
[PlyCount "104"]
[EventDate "2022.03.22"]
[EventType "swiss (blitz)"]
[EventRounds "11"]
[EventCountry "USA"]
[SourceTitle "CBM 207 Extra"]
[Source "ChessBase"]
[SourceDate "2022.05.31"]
[SourceVersion "1"]
[SourceVersionDate "2022.05.31"]
[SourceQuality "1"]

1. c4 g6 2. e4 Bg7 3. d4 d6 4. Nc3 Nf6 5. Be3 Ng4 6. Bc1 e5 7. dxe5 Nxe5 8. Nf3 Nbc6 9. Nxe5 dxe5 10. Qxd8+ Nxd8 11. Nd5 Ne6 12. Be3 c6 13. Nc3 Nd4 14. 0-0-0 Be6 15. f4 0-0-0 16. fxe5 Bxe5 17. Ne2 Nxe2+ 18. Bxe2 Rxd1+ 19. Rxd1 Bxh2 20. Bxa7 Be5 21. Bd4 Bxd4 22. Rxd4 h5 23. Rd1 g5 24. b3 h4 25. Rh1 Kc7 26. Kd2 Kd6 27. a4 c5 28. a5 Ke5 29. Ke3 g4 30. g3 h3 31. Bf3 gxf3 32. Kxf3 Rg8 33. Kf2 Kxe4 34. Ra1 Kd4 35. a6 bxa6 36. Rxa6 Rh8 37. Kg1 Kc3 38. Kh2 Kxb3 39. Rc6 Kxc4 40. Rc7 Kd5 41. g4 c4 42. g5 Rc8 43. Ra7 c3 44. Ra1 c2 45. Rc1 Kd4 46. g6 fxg6 47. Kg3 Kc3 48. Kh2 Kd2 49. Rg1 c1Q 50. Re1 Kxe1 51. Kg1 Qg5+ 52. Kh2 Qg2# 0-1

[Event "Titled Tuesday intern op 22 Mar Early"]
[Site "Chess.com INT"]
[Date "2022.03.22"]
[Round "1"]
[White "Mekhane, Adam"]
[Black "Saldano Dayer, Horacio"]
[Result "1-0"]
[WhiteElo "2318"]
[BlackElo "2422"]
[PlyCount "189"]
[EventDate "2022.03.22"]
[EventType "swiss (blitz)"]
[EventRounds "11"]
[EventCountry "USA"]
[SourceTitle "CBM 207 Extra"]
[Source "ChessBase"]
[SourceDate "2022.05.31"]
[SourceVersion "1"]
[SourceVersionDate "2022.05.31"]
[SourceQuality "1"]

1. e4 e6 2. d4 d5 3. Nc3 Bb4 4. Nge2 Nc6 5. a3 Ba5 6. exd5 exd5 7. g3 Bg4 8. Bg2 Bxc3+ 9. bxc3 Nge7 10. 0-0 0-0 11. Rb1 Na5 12. h3 Bh5 13. Be3 c6 14. Qd3 Bg6 15. Qd1 Nf5 16. Nf4 Nxe3 17. fxe3 Nc4 18. Qe2 b5 19. Nxg6 hxg6 20. e4 Re8 21. Qf2 Qd7 22. exd5 cxd5 23. Rbe1 a6 24. Re2 Rxe2 25. Qxe2 Re8 26. Qf2 Ne3 27. Re1 Nxg2 28. Rxe8+ Qxe8 29. Qxg2 Qe3+ 30. Kh2 Qxc3 31. Qxd5 Qxc2+ 32. Kh1 Qb1+ 33. Kh2 Qb2+ 34. Kh1 Qxa3 35. Qd8+ Qf8 36. Qc7 b4 37. d5 b3 38. Qb6 Qa8 39. Qxb3 a5 40. Kh2 a4 41. Qa2 a3 42. d6 Qa4 43. d7 Qxd7 44. Qxa3 Kh7 45. Qf3 Qf5 46. Qe3 f6 47. Kg1 g5 48. Kh2 Kg6 49. Kg1 Qb1+ 50. Kh2 Qc2+ 51. Kg1 Kf5 52. Qf3+ Ke5 53. Qe3+ Qe4 54. Qc5+ Qd5 55. Qe3+ Kd6 56. Kh2 Qc4 57. Qd2+ Ke5 58. Qe3+ Qe4 59. Qc5+ Ke6 60. Qb6+ Kf5 61. Qc5+ Kg6 62. Qf2 f5 63. Qb6+ Kh7 64. Qf2 f4 65. gxf4 gxf4 66. Qh4+ Kg6 67. Qg4+ Kf6 68. Qh4+ g5 69. Qh6+ Qg6 70. Qf8+ Qf7 71. Qh6+ Kf5 72. Qc6 Qa2+ 73. Kg1 Qb1+ 74. Kh2 Qe4 75. Qc5+ Qe5 76. Qf8+ Ke4 77. Qb4+ Qd4 78. Qe7+ Kd3 79. Qa3+ Kc2 80. Qa2+ Qb2 81. Qc4+ Kd1+ 82. Kg1 Qb6+ 83. Kg2 Qb7+ 84. Kg1 Qa7+ 85. Kg2 Qb7+ 86. Kg1 Qf3 87. Qd4+ Ke1 88. Qb4+ Ke2 89. Qb2+ Ke3 90. Qc3+ Ke4 91. Qc6+ Ke3 92. Qc3+ Ke2 93. Qc2+ Ke1 94. Qc3+ Kd1 95. Qxf3+ 1-0

[Event "Titled Tuesday intern op 22 Mar Early"]
[Site "Chess.com INT"]
[Date "2022.03.22"]
[Round "7"]
[White "Saldano Dayer, Horacio"]
[Black "Dilanyan, Grigor"]
[Result "0-1"]
[WhiteElo "2422"]
[BlackElo "2293"]
[PlyCount "58"]
[EventDate "2022.03.22"]
[EventType "swiss (blitz)"]
[EventRounds "11"]
[EventCountry "USA"]
[SourceTitle "CBM 207 Extra"]
[Source "ChessBase"]
[SourceDate "2022.05.31"]
[SourceVersion "1"]
[SourceVersionDate "2022.05.31"]
[SourceQuality "1"]

1. e4 c6 2. Nf3 d5 3. d3 Qc7 4. exd5 cxd5 5. c4 Nf6 6. Nc3 dxc4 7. dxc4 g6 8. Bg5 Bg7 9. Bxf6 Bxf6 10. Nd5 Qc6 11. Nxf6+ Qxf6 12. Qd4 Qe6+ 13. Qe5 Nc6 14. Qxe6 Bxe6 15. 0-0-0 Rc8 16. b3 b5 17. cxb5 Nb4+ 18. Kb2 Rc2+ 19. Ka3 Nxa2 20. Nd4 Rxf2 21. Nxe6 fxe6 22. b6 0-0 23. Bc4 axb6 24. Bxe6+ Kg7 25. Rd4 b5 26. b4 Nc3 27. Kb3 Ne2 28. Re4 Rxg2 29. Re1 Rf3+ 0-1

[Event "Titled Tuesday intern op 22 Mar Early"]
[Site "Chess.com INT"]
[Date "2022.03.22"]
[Round "5"]
[White "Saldano Dayer, Horacio"]
[Black "Golubka, Petr"]
[Result "1-0"]
[WhiteElo "2422"]
[BlackElo "2401"]
[PlyCount "53"]
[EventDate "2022.03.22"]
[EventType "swiss (blitz)"]
[EventRounds "11"]
[EventCountry "USA"]
[SourceTitle "CBM 207 Extra"]
[Source "ChessBase"]
[SourceDate "2022.05.31"]
[SourceVersion "1"]
[SourceVersionDate "2022.05.31"]
[SourceQuality "1"]

1. e4 g6 2. d4 Bg7 3. Nf3 c6 4. Nc3 b5 5. a4 b4 6. Ne2 a5 7. Ng3 h5 8. h4 Nh6 9. c3 bxc3 10. bxc3 d6 11. Bc4 Ng4 12. Ng5 e6 13. f3 Nf6 14. 0-0 0-0 15. Qe2 d5 16. Bd3 Ba6 17. e5 Nh7 18. f4 Bxd3 19. Qxd3 Nxg5 20. fxg5 Nd7 21. Ba3 Re8 22. Rxf7 Kxf7 23. Rf1+ Nf6 24. Nxh5 gxh5 25. Qh7 Rh8 26. g6+ Ke8 27. Qxg7 1-0

[Event "Titled Tuesday intern op 22 Mar Early"]
[Site "Chess.com INT"]
[Date "2022.03.22"]
[Round "10"]
[White "Saldano Dayer, Horacio"]
[Black "Topalov, Aleksandar"]
[Result "1-0"]
[WhiteElo "2422"]
[BlackElo "2239"]
[PlyCount "107"]
[EventDate "2022.03.22"]
[EventType "swiss (blitz)"]
[EventRounds "11"]
[EventCountry "USA"]
[SourceTitle "CBM 207 Extra"]
[Source "ChessBase"]
[SourceDate "2022.05.31"]
[SourceVersion "1"]
[SourceVersionDate "2022.05.31"]
[SourceQuality "1"]

1. e4 e6 2. d4 d5 3. Nd2 Nf6 4. e5 Ng8 5. Bd3 Ne7 6. Ndf3 Qd7 7. Ne2 b6 8. Nf4 Ba6 9. Nh5 Bxd3 10. Qxd3 Nbc6 11. Bd2 Ng8 12. a4 g6 13. Nf4 h5 14. c3 Nh6 15. Nh3 Na5 16. Nhg5 Nf5 17. 0-0 Nc4 18. Bc1 Be7 19. h4 Kf8 20. g3 Kg7 21. Kg2 c5 22. Nh3 Rac8 23. b3 Na5 24. Rb1 c4 25. bxc4 Nxc4 26. Bg5 Bxg5 27. Nhxg5 Qxa4 28. Ng1 Qd7 29. N1h3 a5 30. Nf4 a4 31. Rb4 a3 32. Ra1 Ra8 33. Qf3 Ra7 34. Qe2 Qe7 35. Ra2 Nxd4 36. cxd4 Qxb4 37. Ngxe6+ fxe6 38. Nxe6+ Kf7 39. Ng5+ Kg7 40. Qf3 Qe7 41. Qxd5 Rc7 42. Ne6+ Kh7 43. Nxc7 Qxc7 44. Rc2 Rc8 45. Qe4 b5 46. d5 b4 47. d6 Qc5 48. d7 Rd8 49. Rxc4 Qe7 50. e6 a2 51. Rc1 b3 52. Qe5 Qb4 53. e7 b2 54. exd8Q 1-0